Quizzes
Events
Quiz Creation
Community
Videos
Private Events
Remove Ads
Sign In
Join for FREE
Feedback
Dark Mode
Quiz Categories
Sports
Geography
Music
Movies
Television
Just For Fun
Miscellaneous
History
Literature
Language
Science
Gaming
Entertainment
Religion
Holiday
For Kids
Quiz Lab
Recent
Popular Today
Quiz Kudos Today
Editor Picks
Curator Picks
Quizzes by...
Day
Popularity
Type
Ratings
Length
Year
Community
Subscriptions
Recent Discussions
Orange Saloon
Badges
Playlists
Quests
Create
Leaderboards
Showdown
Live 5
Trivia Bingo
Activity
Puzzle Library
Sporcle Events
Private Events
Virtual Trivia
Globe League
Become a Host
Pub Owners
SporcleCon
Opinionation
Our Games
Videos
Blog
Mobile Apps
Partnerships
Remove Ads and Go Orange
Feedback
Sports
Athletes
MLB
NBA
NHL
NFL
Soccer
Sports Teams
WWE
NCAA
Football
Premier League
Basketball
Baseball
Hockey
Golf
Tennis
Cricket
Rugby
Auto Racing
Olympics
World Cup
Sports
Athletes
MLB
NBA
NHL
NFL
Soccer
Sports Teams
WWE
NCAA
Football
Premier League
Basketball
Baseball
Hockey
Golf
Tennis
Cricket
Rugby
Auto Racing
Olympics
World Cup
Random Quiz
Search Sporcle
×
Quiz Lab
Quiz Lab
Sports
Baseball
Type in answers that appear in a list
Type in answers that appear in a list
Classic
Best Score? Go Orange.
MLB 30/30 Club Members Stats
Can you name the Members of the MLB 30/30 Club?
By
joshcel
5m
34 Questions
607 Plays
607 Plays
607 Plays
Comments
Comments
Give Quiz Kudos
Give Quiz Kudos
-
- Ratings
hide this ad
More Info
Replay
Link that replays current quiz
Next Quiz
Link to next quiz in quiz playlist
You Got
0%
They Got
Avg Score
37%
Avg Friend Score
Upgrade to see
Score Distribution
Jump to the score distribution portion of the page
Score
0/34
Timer
05:00
0
Plays Today
Year Done
Player
% Correct
1990 1992 1995 1997
Barry Bonds
90.8%
1975 1977 1978 1969 1973
Bobby Bonds
90.6%
1998
Alex Rodriguez
83%
1988
Jose Canseco
71.8%
1956 1957
Willie Mays
71.8%
2002 2003 2005 2006
Alfonso Soriano
64.9%
1922
Ken Williams
53.2%
2008
Hanley Ramirez
50.2%
1963
Hank Aaron
48.9%
2007
Jimmy Rollins
47.4%
1993 1995
Sammy Sosa
46.5%
2001 2002
Vladimir Guerrero
45.6%
1997 1999
Jeff Bagwell
40.2%
1997
Larry Walker
39.4%
1987 1989
Howard Johnson
39%
2004
Carlos Beltran
34.3%
2007
David Wright
33.9%
Year Done
Player
% Correct
1987
Darryl Strawberry
32%
1987
Eric Davis
30.1%
2001 2004
Bobby Abreu
27.5%
1998
Shawn Green
24.4%
1987
Joe Carter
22.1%
2000
Preston Wilson
21.3%
2008
Grady Sizemore
21.1%
1996
Barry Larkin
21.1%
1996
Dante Bichette
19.9%
1983
Dale Murphy
19.6%
1996
Ellis Burks
18.3%
1990 1991
Ron Gant
17.3%
2007
Brandon Phillips
16.5%
2009
Ian Kinsler
15.7%
1997 1999
Raul Mondesí
9.2%
1970
Tommy Harper
6.8%
2001
Jose Cruz, Jr.
4.9%
Quiz Playlist
Details
Report
Send in Message
Add To Playlist
More Info:
Type in the mlb players to have 30 homeruns and 30 stolen bases in a single season.
Classic:
Type in answers that appear in a list
Quiz Source
Last Updated: Feb 16, 2017
Quiz Scoreboard
CHALLENGE
Sign Up to Join the Scoreboard
Show All
Scores
Hide
Comments
May contain spoilers
Recently Published
An Introduction to Baseball
by treessimontrees
Sports
5m
Movies - When Are They Set?
by FPL_Elf
Movies
5m
Popular People in 1961
by mucciniale
History
6m
More to Explore
Quiz From the Vault
Featured Blog Post
Where Did the Easter Bunny Come From?
hide this ad
You Might Also Like...
Tags
Baseball Quiz
MLB Quiz
club
Player
Today's Top Quizzes in Sports
Browse Sports
hide this ad
Today's Top Quizzes in Baseball
Browse Baseball
Top Contributed Quizzes in Sports
1
Les meilleurs buteurs des matchs entre le PSG et l’OM
2
2022 World Cup Stars
3
FIFA Club World Cup Champions
4
Les entraîneurs de l'OM et du PSG au 21e siècle
5
Name the Premier League winners with different clubs
6
La finale Lions - Afrique du Sud 2021
7
England Test cricketers to play under Nasser Hussain
8
5-to-1: UK Sports Teams
9
Les joueurs passés par le LOSC et le RC Lens
10
Criteria MLB: Left Handed Sluggers
Explore More
Trending Topics
NBA
Harry Potter
Kpop
Marvel
Disney
Anime
Crossword
Soccer
Pokémon
WWE
The Office
NFL
Song
Puzzle
Country
hide this ad
More By:
joshcel
Quiz
Plays
Rating
Category
Featured
Created
the hunger games A-Z
14,728
3.18
Literature
Nov 13, 2010
MLB 30/30 Club Members
607
3.40
Sports
Aug 6, 2011
MLB True or False
523
2.14
Sports
Nov 24, 2010
Top 50 Guitarists of All Time
497
3.00
Music
Jan 9, 2011
Dwarves in The Hobbit
496
3.71
Literature
Dec 7, 2010
Go to Creator's Profile
Score Distribution
Quiz Creator Spotlight
joshcel
Follow
Send a Message
Quizzes Created
-
Created Quiz Play Count
-
More By This Creator
Popular Quizzes Today
1
Find the Countries of Europe - No Outlines Minefield
2
Find the US States - No Outlines Minefield
3
The Countries of the World
4
Popular People in 1961
5
Find the US States
6
US States
7
1-10 Letter E Words III
8
Risky Map Clicking: Biggest States A-Z
More Sports Quizzes
FIBA Euroleague Winners
Quiz Lab
Trending Quizzes
Risky Map Clicking: Least Populous States A-Z
1-10 Letter F Words
1-10 Letter G Words
One Thing in Common: United Kingdom
Risky Map Clicking: Next State Alphabetically
Recently Updated
Leaping Animals
pecheneg
Reality TV Shows (A-Z)
bhenderson79
Rickey Henderson's Hall of Fame Teammates
pecheneg
Champions League XIs: Arsenal
pecheneg
Quick Pick: Celebrities in WWE's Hall of Fame
aduchscher
A-Z Keypad Blitz II
pecheneg
Multiple Oscar Actors
pecheneg
Mystery Phrase Blitz: Oscar 'Best Actors'
pecheneg
F. Scott Fitzgerald Novels
LTH
Pick 3 Villains
ddd62291
Trending Topics
Marvel
Disney
Anime
Harry Potter
Kpop
NBA
Crossword
Country
WWE
Soccer
The Office
Pokémon
NFL
Song
Puzzle
Your Account Isn't Verified!
In order to create a playlist on Sporcle, you need to verify the email address you used during registration. Go to your
Sporcle Settings
to finish the process.
Report this User
Report this user for behavior that violates our
Community Guidelines
.
Details:
Send Report
Go to the Sporcle.com Mobile Site →
Comments